| 000 | 00459nam a22001577a 4500 | ||
|---|---|---|---|
| 020 | _a9781260085082 | ||
| 040 | _cNUST | ||
| 082 | _a658.11 BYE | ||
| 100 |
_aByers, Thomas.H _9103881 |
||
| 110 |
_aDorf, Richard C Nelson, Andrew J _9103882 |
||
| 245 |
_aTechnology Ventures : _b From Idea to Enterprise |
||
| 250 | _a5th Edition | ||
| 260 |
_aNew York: _bMcGraw-Hill Education, _c2019 |
||
| 650 |
_aEntrepreneurship.NUSTTB2022 _9104115 |
||
| 942 |
_2ddc _cBK |
||
| 999 |
_c592469 _d592469 |
||